Les Vainqueurs du Dakar Auto (Constructeur) - Statistiques

Statistiques générales
  • Ce quiz a été pris 46 fois
  • Le résultat moyen est 10 sur 12
Statistiques - réponses
Titres Éditions Pays Réponse % Correct
2 7 1987, 1988, 1989, 1990, 2016, 2017, 2018 France Peugeot
100%
12 1 2024 Allemagne Audi
95%
10 1 1982 France Renault
95%
6 4 2019, 2022, 2023, 2025 Japon Toyota
95%
4 4 1991, 1994, 1995, 1996 France Citroën
93%
1 12 1985, 1992, 1993, 1997, 1998, 2001, 2002, 2003, 2004, 2005, 2006, 2007 Japon Mitsubishi
85%
11 1 1983 Allemagne Mercedes
83%
3 6 2012, 2013, 2014, 2015, 2020, 2021 Royaume-Uni Mini
80%
5 4 1980, 2009, 2010, 2011 Allemagne Volkswagen
78%
8 2 1984, 1986 Allemagne Porsche
75%
7 2 1979, 1981 Royaume-Uni Land Rover
53%
9 2 1999, 2000 France Schlesser
38%
Aucun quiz correspondant
Distribution des résultats
% des personnes avec chaque résultat
Percentile par nombre de réponses
Votre historique - résultats
Vous n’avez pas pris ce quiz